A zenefogyasztás vizsgálata a szegedi egyetemisták körében

Elmentve itt :
Bibliográfiai részletek
Szerző: Dogan Can Ferenc
További közreműködők: Kazár Klára (Témavezető)
Dokumentumtípus: Szakdolgozat
Megjelent: 2018
Tárgyszavak:
Online Access:http://diploma.bibl.u-szeged.hu/80554
LEADER 00680nta a2200169 i 4500
001 dipl80554
005 20191111113458.0
008 191111s2018 hu om 0|| zxx d
040 |a SZTE Diploma Repozitórium  |b hun 
041 |a zxx 
100 2 |a Dogan Can Ferenc 
245 1 2 |a A zenefogyasztás vizsgálata a szegedi egyetemisták körében  |h [elektronikus dokumentum] /  |c Ferenc Dogan Can 
246 1 0 |a Research of music consumption amongst the university students of Szeged  |h [elektronikus dokumentum] 
260 |c 2018 
650 4 |a Gazdaságtudományok 
700 1 |a Kazár Klára  |e ths 
856 4 0 |u http://diploma.bibl.u-szeged.hu/id/eprint/80554/1/2018_dogan_can_ferenc.pdf  |z Dokumentum-elérés